|
|
|
|
| LEADER |
01140nam a2200241 a 4500 |
| 001 |
GR-MES1396 |
| 008 |
991111s1993 gr 000 0 eng d |
| 020 |
|
|
|a 9065447393
|
| 020 |
|
|
|a 9602320303
|
| 040 |
|
|
|a GrPaTEI
|b gre
|c GR-PaULI
|
| 082 |
|
0 |
|a 338.74
|2 21
|
| 100 |
1 |
|
|a Αναστασοπούλου, Ιωάννα Γ.
|
| 245 |
1 |
0 |
|a Corporations and parthnerships in Hellas /
|c by Ioanna G. Anastassopoulou.
|
| 260 |
|
|
|a Deventer
|a Boston
|a Athens :
|b Kluwer Law and Taxation Publishers :
|b Sakkoulas,
|c 1993
|
| 300 |
|
|
|a 201σελ. :
|b πιν.
|
| 500 |
|
|
|a This book was originally published as a monograph in the International Encyclopedia of Laws, Corporations and Parthnerships.
|
| 650 |
|
4 |
|a ΑΝΩΝΥΜΕΣ ΕΤΑΙΡΙΕΣ
|
| 650 |
|
4 |
|a Επιχειρήσεις
|
| 650 |
|
4 |
|a ΕΤΑΙΡΙΕΣ ΠΕΡΙΟΡΙΣΜΕΝΗΣ ΕΥΘΥΝΗΣ
|
| 942 |
|
|
|2 ddc
|
| 952 |
|
|
|0 0
|1 0
|2 ddc
|4 0
|6 338_740000000000000_ΑΝΑ
|7 0
|9 265556
|a MSLG
|b MSLG
|c BSC
|d 2021-01-17
|e 24
|f 0
|g 0.00
|l 0
|o 338.74 ΑΝΑ
|p 2420000010791
|r 2021-01-17 00:00:00
|t 1
|w 2021-01-17
|y BK15
|x 20080205 0 ΓΑΒΡΙΝΑ 1
|x GrPaTEI
|
| 971 |
|
|
|a .b25724381
|b 15-04-20
|c 13-09-16
|
| 999 |
|
|
|c 152650
|d 152650
|